Mírný vzestup, hodně úkolů

Analýza konkurencieschopnosti jednotlivých krajín sveta. Postavenie Českej republiky, negatíva a pozitíva, v tabuľke konkurenčnej schopnosti. Vývoj konkurencieschopnosti Českej republiky, Fínska a Nemecka. Porovnanie poradia hodnotenia základných faktorov konkurencieschopnosti ekonomík Česka, Fínska...

Ausführliche Beschreibung

Gespeichert in:
Bibliographische Detailangaben
1. Verfasser: Provazník, Dušan
Format: Buchkapitel
Sprache:Tschechisch
Schlagworte:
Tags: Tag hinzufügen
Keine Tags, Fügen Sie das erste Tag hinzu!

MARC

LEADER 00000naa a2200000 4500
001 r038151
005 20230920100749.7
041 0 |a cze 
044 |a CZ 
245 1 0 |a Mírný vzestup, hodně úkolů  |c Dušan Provazník 
520 |a Analýza konkurencieschopnosti jednotlivých krajín sveta. Postavenie Českej republiky, negatíva a pozitíva, v tabuľke konkurenčnej schopnosti. Vývoj konkurencieschopnosti Českej republiky, Fínska a Nemecka. Porovnanie poradia hodnotenia základných faktorov konkurencieschopnosti ekonomík Česka, Fínska a Nemecka. Postavenie americkej ekonomiky. 
610 2 0 |a konkurencieschopnosť 
610 2 0 |a vývoj hospodársky 
610 2 0 |a údaje štatistické medzinárodné 
610 2 0 |a prostredie ekonomické 
610 2 0 |a Česko 
610 2 0 |a Fínsko 
610 2 0 |a Nemecko 
100 1 |a Provazník, Dušan